000 01378cam a22003854a 4500
001 muse33387
003 MdBmJHUP
005 20210127151102.0
006 m o d
007 cr||||||||nn|n
008 140407s2014 onc o 00 0 fre d
020 _a9782760321601
020 _a9782760321618
035 _a(OCoLC)881567704
040 _aMdBmJHUP
_cMdBmJHUP
245 1 0 _aTransfert
_bExploration d'un champ conceptuel /
_csous la direction de Pascal Gin, Nicolas Goyer et Walter Moser.
264 1 _bLes Presses de l'Universite d'Ottawa,
264 3 _bProject MUSE,
300 _a1 online resource (1 ressource en ligne.)
490 0 _aCollection Transferts culturels
506 0 _aOpen Access
_fUnrestricted online access
_2star
588 _aDescription based on print version record.
650 0 _aConcepts.
650 0 _aTransfert (Le mot français)
655 7 _aElectronic books.
_2local
710 2 _aProject Muse.
_edistributor
830 0 _aBook collections on Project MUSE.
856 4 0 _zFull text available:
_uhttps://muse.jhu.edu/book/31376/
945 _aProject MUSE - 2014 Global Cultural Studies
945 _aProject MUSE - 2014 Complete
999 _c24546
_d24546